000 01223nam a2200217 a 4500
001 BRCA_9052
005 20190320210516.0
008 010917s1774----sp-#######---#000-0#spa-#
041 _aspa
044 _asp
084 _aCO42
_b.M37 1774
100 1 _aMartínez, Manuel Silvestre
_921602
245 1 0 _aLibrería de jueces
_butilísima, y universal para todos los que desean imponerse en la Jurisprudencia Práctica, Derecho Real de España, y Reales Resoluciones mas modernas de rigorosa observancia: y en especial para Abogados, Alcaldes, Corregidores, Intendentes, Prelados Regulares, Jueces Eclesiasticos: Parrocos, Regidores, Escribanos: Diputados, y Personeros: tomo octavo: en que se resumen, y exponen todas las Leyes, y Autos Acordados de los libros...
_csu autor el Lic. D. Manuel Sylvestre Martínez.
260 _aMadrid
_bEn la Imprenta de Blas Romàn
_c1774
300 _a[10], 384p. (t.8)
_c21.3 x 15.5 cm
500 _aEn portada: Dedicado al EXCMO. SR. CONDE de ARANDA
500 _aEstado físico: presenta encuadernación en pergamino con presencia del pez de plata y presencia del pez de plata
650 1 4 _aDerecho civil
_yObras anteriores a 1800
_zEspaña
_921603
902 _aCFM
942 _2lcc
_cB
999 _c8702
_d8702